W kierunku programu alternatywnego.

O Kurowského hospodárskom projekte Poľska z júla 1990. Jeho vznik, autori a obsah. Námietky proti privatizácii. Korektúry stabilizačného programu. Otázky roľníctva v projekte, boja proti monopolom a za zrušenie obmedzení predaja pôdy. Ekonomické tézy hospodárskych expertov Walesovej skupiny. Potreba...

Description complète

Enregistré dans:
Détails bibliographiques
Format: Chapitre de livre
Langue:polonais
Sujets:
Tags: Ajouter un tag
Pas de tags, Soyez le premier à ajouter un tag!

MARC

LEADER 00000naa a2200000 4500
001 r002931
005 20220819193142.2
041 0 |a pol 
044 |a PL 
245 1 0 |a W kierunku programu alternatywnego. 
520 |a O Kurowského hospodárskom projekte Poľska z júla 1990. Jeho vznik, autori a obsah. Námietky proti privatizácii. Korektúry stabilizačného programu. Otázky roľníctva v projekte, boja proti monopolom a za zrušenie obmedzení predaja pôdy. Ekonomické tézy hospodárskych expertov Walesovej skupiny. Potreba zaviesť civilizovaný trh. 
610 2 0 |a rozvoj hospodársky 
610 2 0 |a programy rozvojové 
610 2 0 |a PR 
610 2 0 |a 1990 
610 2 0 |a privatizácia 
610 2 0 |a trh 
610 2 0 |a pôda 
610 2 0 |a predaj 
610 2 0 |a stabilizácia hospodárstva